header

Protecting student records and facilitating education research (Record no. 6467)

MARC details
000 -LEADER
fixed length control field 01532nam a2200313Ia 4500
001 - CONTROL NUMBER
control field ebr10274061
003 - CONTROL NUMBER IDENTIFIER
control field CaPaEBR
006 - FIXED-LENGTH DATA ELEMENTS--ADDITIONAL MATERIAL CHARACTERISTICS--GENERAL INFORMATION
fixed length control field m u
007 - PHYSICAL DESCRIPTION FIXED FIELD--GENERAL INFORMATION
fixed length control field cr cn|||||||||
008 - FIXED-LENGTH DATA ELEMENTS--GENERAL INFORMATION
fixed length control field 090204s2009 dcua sb 100 0 eng d
020 ## - INTERNATIONAL STANDARD BOOK NUMBER
Cancelled/invalid ISBN 0309127998 (pbk.)
Cancelled/invalid ISBN 9780309127998 (pbk.)
040 ## - CATALOGING SOURCE
Original cataloging agency CaPaEBR
Transcribing agency CaPaEBR
035 ## - SYSTEM CONTROL NUMBER
System control number (OCoLC)639931509
050 14 - LIBRARY OF CONGRESS CALL NUMBER
Classification number LB1028
Item number .N38 2009eb
110 2# - MAIN ENTRY--CORPORATE NAME
Corporate name or jurisdiction name as entry element National Research Council (U.S.).
Subordinate unit Committee on National Statistics.
245 10 - TITLE STATEMENT
Title Protecting student records and facilitating education research
Medium [electronic resource] :
Remainder of title a workshop summary /
Statement of responsibility, etc Margaret Hilton, rapporteur ; Committee on National Statistics, Center for Education, Division of Behavioral and Social Sciences and Education, National Research Council of the Academies.
260 ## - PUBLICATION, DISTRIBUTION, ETC. (IMPRINT)
Place of publication, distribution, etc Washington, D.C. :
Name of publisher, distributor, etc National Academies Press,
Date of publication, distribution, etc c2009.
300 ## - PHYSICAL DESCRIPTION
Extent ix, 95 p. :
Other physical details ill.
504 ## - BIBLIOGRAPHY, ETC. NOTE
Bibliography, etc Includes bibliographical references.
533 ## - REPRODUCTION NOTE
Type of reproduction Electronic reproduction.
Place of reproduction Palo Alto, Calif. :
Agency responsible for reproduction ebrary,
Date of reproduction 2009.
Note about reproduction Available via World Wide Web.
-- Access may be limited to ebrary affiliated libraries.
650 #0 - SUBJECT ADDED ENTRY--TOPICAL TERM
Topical term or geographic name as entry element Education
General subdivision Research
Geographic subdivision United States
Form subdivision Congresses.
Topical term or geographic name as entry element Privacy, Right of
Geographic subdivision United States
Form subdivision Congresses.
Topical term or geographic name as entry element Student records
Geographic subdivision United States
Form subdivision Congresses.
655 #7 - INDEX TERM--GENRE/FORM
Genre/form data or focus term Electronic books.
Source of term local
700 1# - ADDED ENTRY--PERSONAL NAME
Personal name Hilton, Margaret L.
710 2# - ADDED ENTRY--CORPORATE NAME
Corporate name or jurisdiction name as entry element ebrary, Inc.
856 40 - ELECTRONIC LOCATION AND ACCESS
Uniform Resource Identifier <a href="http://site.ebrary.com/lib/rucke/Doc?id=10274061">http://site.ebrary.com/lib/rucke/Doc?id=10274061</a>
Public note An electronic book accessible through the World Wide Web; click to view

No items available.

© 2026 Rongo University
Contact us: librarian | system librarian | Rongo university